All Pokémon with Rain Dish - Statistics

General Stats
  • This quiz has been taken 4 times
  • The average score is 7 of 13
Answer Stats
(Avail)ability Pokémon % Correct
Second Ability Lombre
100%
Second Ability Lotad
100%
Second Ability Ludicolo
100%
Hidden Ability Blastoise
75%
Hidden Ability Squirtle
75%
Hidden Ability Wartortle
75%
Hidden Ability Morelull
25%
Hidden Ability Pelipper
25%
Hidden Ability Shiinotic
25%
Hidden Ability Surskit
25%
Hidden Ability Tentacool
25%
Hidden Ability Tentacruel
25%
Hidden Ability Wingull
25%
No matching quizzes found
Score Distribution
Percent of People with Each Score
Percentile by Number Answered
Your Score History
You have not taken this quiz